Statistics for Formula 1 drivers 2012

Click here to take the quiz!

General Stats

  • This quiz has been taken 293 times
  • The average score is 18 of 25

Answer Stats

TeamNumberAnswer% Correct
Ferrari5Fernando Alonso
100%
Red Bull1Sebastian Vettel
100%
McLaren4Lewis Hamilton
99%
McLaren3Jenson Button
98%
Red Bull2Mark Webber
98%
Mercedes8Nico Rosberg
98%
Mercedes7Michael Schumacher
97%
Ferrari6Felipe Massa
96%
Lotus9Kimi Räikkönen
91%
Sauber15Sergio Pérez
91%
Lotus10Romain Grosjean
89%
Force India12Nico Hülkenberg
81%
Toro Rosso16Daniel Ricciardo
80%
Williams18Pastor Maldonado
73%
Force India11Paul di Resta
68%
Toro Rosso17Jean-Éric Vegne
64%
Sauber14Kamui Kobayashi
63%
Caterham20Heikki Kovalainen
54%
Williams19Bruno Senna
52%
Marussia25Charles Pic
51%
Marussia24Timo Glock
49%
HRT22Pedro de la Rosa
43%
Caterham21Vitaly Petrov
43%
HRT23Narain Karthikeyan
41%
Lotus10Jérôme d'Ambrosio
30%

Score Distribution

Percentile by Number Answered

Percent of People with Each Score

Your Score History

You have not taken this quiz